书目信息 |
| 题名: |
政治
|
|
| 作者: | 鞠中祥 主编 | |
| 分册: | 上册 辩证唯物主义常识 | |
| 出版信息: | 北京 高等教育出版社 1991.03 |
|
| 页数: | 204页 | |
| 开本: | 19cm | |
| 丛书名: | 各类成人高考复习指导丛书(第五版) | |
| 单 册: | ||
| 中图分类: | G723.42 | |
| 科图分类: | ||
| 主题词: | 教育--类型 | |
| 电子资源: | ||
| ISBN: | 7-04-003371-2 | |
| 000 | 00743nam0 2200241 45 | |
| 001 | 0404291645 | |
| 005 | 20040429163328.3 | |
| 010 | @a7-04-003371-2@dCNY2.00 | |
| 100 | @a20040429d1991 km y0chiy0120 ea | |
| 101 | 0 | @achi |
| 105 | @a z 000yy | |
| 200 | 1 | @a政治@i辩证唯物主义常识@h上册@AZheng Zhi@f鞠中祥主编@FJu Zhong Xiang Zhu Bian |
| 205 | @a5版 | |
| 210 | @a北京@c高等教育出版社@d1991.03 | |
| 215 | @a204页@d19cm | |
| 225 | @a各类成人高考复习指导丛书(第五版) | |
| 410 | @12001 @a各类成人高考复习指导丛书(第五版) | |
| 517 | @a辩证唯物主义常识@ABian Zheng Wei Wu Zhu Yi Chang Shi | |
| 606 | 0 | @a教育@x类型 |
| 690 | @aG723.42@v3 | |
| 701 | 0 | @a鞠中祥@4主编 |
| 801 | @aCN@bTSTCL@c20040429 | |
| 905 | @f1@b225076@dG723.42@e60:1=5 | |
| 政治.辩证唯物主义常识.上册/鞠中祥主编.-5版.-北京:高等教育出版社,1991.03 |
| 204页;19cm.-(各类成人高考复习指导丛书(第五版)) |
| ISBN 7-04-003371-2:CNY2.00 |
| ● |
| 相关链接 |
|
|
|
|
正题名:政治
索取号:G723.42/60:1=5
 
预约/预借
| 序号 | 登录号 | 条形码 | 馆藏地/架位号 | 状态 | 备注 |
| 1 | 0225076 | 000295077 | 第一样本阅览室/ [索取号:G723.42/60:1=5] | 在馆 |